[Event "3. President's Cup Chess Festival Open"]
[Site "Baku AZE"]
[Date "2008.05.12"]
[Round "1.3"]
[White "Van Wely, Loek"]
[Black "Rahmanov, Shakhiyar"]
[Result "0-1"]
[WhiteElo "2677"]
[BlackElo "2133"]
[PlyCount "73"]
[EventDate "2008.05.12"]
[EventType "swiss"]
[EventRounds "9"]
[EventCountry "AZE"]
[Source "lmi"]
[SourceDate "2008.05.12"]

1. d4 d5 2. c4 e6 3. Nf3 f5 4. Bf4 Nf6 5. e3 Bd6 6. Nc3 c6 7. Bd3 O-O 8. O-O
Qe7 9. c5 Bxf4 10. exf4 Nbd7 11. Qa4 Ne4 12. Ne2 Ndf6 13. b4 a6 14. Rad1 Kh8
15. Qa5 Ng4 16. a4 Bd7 17. h3 Nh6 18. Qc7 Nf7 19. Ne5 Nxe5 20. dxe5 Rfc8 21.
Qb6 g5 22. f3 gxf4 23. fxe4 f3 24. Rxf3 fxe4 25. Bxe4 dxe4 26. Rf4 Be8 27. Rxe4
Bh5 28. Rdd4 Rg8 29. Nf4 Bf3 30. Re3 Bd5 31. Re2 Raf8 32. b5 axb5 33. axb5 Qg5
34. h4 Qg4 35. Rf2 Ra8 36. Ne2 Ra1+ 37. Kh2 0-1

[Event "3. President's Cup Chess Festival Open"]
[Site "Baku AZE"]
[Date "2008.05.16"]
[Round "5.9"]
[White "Fridman, Daniel"]
[Black "Nigalidze, Gaioz"]
[Result "1-0"]
[WhiteElo "2640"]
[BlackElo "2455"]
[PlyCount "113"]
[EventDate "2008.05.12"]
[EventType "swiss"]
[EventRounds "9"]
[EventCountry "AZE"]
[Source "lmi"]
[SourceDate "2008.05.12"]

1. Nf3 Nf6 2. c4 e6 3. g3 b6 4. Bg2 Bb7 5. O-O Be7 6. d4 O-O 7. d5 exd5 8. Nh4
c6 9. cxd5 Nxd5 10. Nf5 Nc7 11. e4 d5 12. Nc3 Nd7 13. Re1 dxe4 14. Nxe4 Ne6 15.
Qg4 Ne5 16. Nh6+ Kh8 17. Nxf7+ Rxf7 18. Qxe6 Qd5 19. Qxd5 cxd5 20. Ng5 Bxg5 21.
Bxg5 Nd3 22. Re2 h6 23. Be3 Nc5 24. Rc1 Ne4 25. Rec2 Rd8 26. Rc7 Rdd7 27. Rxd7
Rxd7 28. Bd4 Kg8 29. a4 Kf7 30. h4 h5 31. Kh2 g6 32. f3 Nd2 33. Rc3 Ba6 34. g4
Bc4 35. gxh5 gxh5 36. f4 Rd8 37. f5 Nb3 38. Be3 Re8 39. Bf3 Kf6 40. Bxh5 Re4
41. Bg5+ Kxf5 42. Rf3+ Ke5 43. Rf2 d4 44. Bg6 Re1 45. h5 Bd5 46. Bf4+ Ke6 47.
Bf7+ Kxf7 48. Bd2+ Kg7 49. Bxe1 Nc5 50. Rf4 Ne6 51. Rf5 Bb3 52. a5 Bc4 53. Bd2
bxa5 54. h6+ Kg6 55. Rxa5 a6 56. Re5 Kf6 57. Rh5 1-0

[Event "3. President's Cup Chess Festival Open"]
[Site "Baku AZE"]
[Date "2008.05.16"]
[Round "5.14"]
[White "Kazhgaleyev, Murtas"]
[Black "Khotenashvili, Bela"]
[Result "1-0"]
[WhiteElo "2617"]
[BlackElo "2333"]
[PlyCount "101"]
[EventDate "2008.05.12"]
[EventType "swiss"]
[EventRounds "9"]
[EventCountry "AZE"]
[Source "lmi"]
[SourceDate "2008.05.12"]

1. d4 Nf6 2. c4 e6 3. Nf3 d5 4. Nc3 Bb4 5. cxd5 exd5 6. Bg5 O-O 7. e3 c5 8. Be2
Nbd7 9. O-O h6 10. Bh4 Qa5 11. Nd2 Bxc3 12. bxc3 Qxc3 13. Rc1 Qb4 14. Bxf6 Nxf6
15. Rxc5 b6 16. Rb5 Qd6 17. a4 Bd7 18. Rb1 Rfc8 19. Qb3 Rc7 20. Ba6 Bc8 21. Bd3
Bd7 22. Rfc1 Rac8 23. Rxc7 Qxc7 24. Ba6 Bf5 25. Re1 Rd8 26. h3 Bc8 27. Bb5 Bf5
28. Nf3 Rc8 29. Ne5 Qd6 30. Ba6 Rc2 31. a5 bxa5 32. Qb7 Qc7 33. Qxc7 Rxc7 34.
Ra1 Kf8 35. Rxa5 Ke7 36. Bb5 Kf8 37. g4 Be6 38. f3 g5 39. Bc6 Kg7 40. Kf2 h5
41. Ke2 hxg4 42. hxg4 Kf8 43. Kd2 Ke7 44. Ba4 Rb7 45. Nc6+ Kf8 46. Rxa7 Rb2+
47. Bc2 Rb6 48. Ne5 Ne8 49. Rxf7+ Bxf7 50. Nd7+ Ke7 51. Nxb6 1-0

[Event "3. President's Cup Chess Festival Open"]
[Site "Baku AZE"]
[Date "2008.05.16"]
[Round "5.15"]
[White "Abasov, Nijat Azad"]
[Black "Mamedov, Rauf"]
[Result "0-1"]
[WhiteElo "2375"]
[BlackElo "2617"]
[PlyCount "172"]
[EventDate "2008.05.12"]
[EventType "swiss"]
[EventRounds "9"]
[EventCountry "AZE"]
[Source "lmi"]
[SourceDate "2008.05.12"]

1. d4 d6 2. c4 g6 3. Nc3 Bg7 4. e4 Nf6 5. Nf3 O-O 6. Be2 Na6 7. O-O c6 8. Re1
e5 9. Bf1 Bg4 10. dxe5 Bxf3 11. Qxf3 dxe5 12. Be3 Qe7 13. Rad1 Nc5 14. Rd2 Ne6
15. Red1 h5 16. g3 Ng4 17. Rd7 Qb4 18. R7d2 Nd4 19. Qg2 Nxe3 20. fxe3 Ne6 21.
Qe2 Bh6 22. Bh3 Qc5 23. Re1 Ng5 24. Bd7 Rad8 25. h4 Nh7 26. a3 a5 27. Kf2 Nf6
28. Red1 Kg7 29. Bh3 Rxd2 30. Rxd2 Rb8 31. Kf3 Qe7 32. Qd3 Ne8 33. Kg2 Qc5 34.
Nd1 Kg8 35. Qc3 Bf8 36. Kf3 Nd6 37. Bf1 a4 38. Qb4 Qxb4 39. axb4 Ne8 40. c5 b6
41. Nc3 bxc5 42. bxc5 a3 43. bxa3 Rb3 44. Nd1 Rxa3 45. Rd8 Nf6 46. Rc8 Ra2 47.
Rxc6 Ng4 48. Be2 Rc2 49. Rc8 Kg7 50. c6 Bd6 51. Ra8 Bb4 52. Nf2 Be1 53. Nxg4
hxg4+ 54. Kxg4 Rxc6 55. Rd8 Rc2 56. Bf3 Rc3 57. Kh3 Rxe3 58. Kg2 f5 59. Rd7+
Kf6 60. Rd6+ Kf7 61. h5 fxe4 62. Bd1 gxh5 63. Bxh5+ Ke7 64. Rg6 Bc3 65. Rc6 Bd4
66. Rc2 Ra3 67. Re2 e3 68. Bg6 Kf6 69. Bc2 Kg5 70. Kf3 Ra6 71. g4 Ra1 72. Bf5
Rf1+ 73. Kg2 Rf4 74. Rc2 e4 75. Ra2 Bc3 76. Re2 Bd2 77. Bd7 Rf3 78. Bb5 Kxg4
79. Bc6 Kf4 80. Bd5 Rg3+ 81. Kh2 Rg5 82. Bc4 Kf3 83. Ba6 Rh5+ 84. Kg1 Ra5 85.
Bc4 Ra1+ 86. Kh2 Be1 0-1

[Event "3. President's Cup Chess Festival Open"]
[Site "Baku AZE"]
[Date "2008.05.16"]
[Round "5.18"]
[White "Zozulia, Anna"]
[Black "Savchenko, Stanislav"]
[Result "1/2-1/2"]
[WhiteElo "2332"]
[BlackElo "2560"]
[PlyCount "66"]
[EventDate "2008.05.12"]
[EventType "swiss"]
[EventRounds "9"]
[EventCountry "AZE"]
[Source "lmi"]
[SourceDate "2008.05.12"]

1. e4 c5 2. Nf3 Nc6 3. d4 cxd4 4. Nxd4 Nf6 5. Nc3 d6 6. Be2 e6 7. O-O Be7 8.
Be3 O-O 9. Kh1 Bd7 10. f4 a6 11. a4 Rc8 12. Bd3 Nb4 13. Qf3 e5 14. Nde2 Bg4 15.
Qf2 Be6 16. Qg3 Nh5 17. Qf3 Nxf4 18. Nxf4 exf4 19. Bxf4 Bg5 20. Rad1 Bxf4 21.
Qxf4 Qb6 22. Qf2 Qc5 23. Rd2 Qxf2 24. Rfxf2 Rc5 25. Kg1 Rfc8 26. Bf1 R8c6 27.
Rd4 Rb6 28. Rfd2 Kf8 29. Rxd6 Rxd6 30. Rxd6 Nxc2 31. Rb6 Rc7 32. Bd3 Nd4 33.
Kf2 Rd7 1/2-1/2

[Event "3. President's Cup Chess Festival Open"]
[Site "Baku AZE"]
[Date "2008.05.16"]
[Round "5.22"]
[White "Batsiashvili, Nino"]
[Black "Abbasov, Farid"]
[Result "0-1"]
[WhiteElo "2304"]
[BlackElo "2528"]
[PlyCount "98"]
[EventDate "2008.05.12"]
[EventType "swiss"]
[EventRounds "9"]
[EventCountry "AZE"]
[Source "lmi"]
[SourceDate "2008.05.12"]

1. d4 Nf6 2. c4 e5 3. dxe5 Ng4 4. Bf4 g5 5. Bg3 Nc6 6. Nf3 Bg7 7. Nc3 Ngxe5 8.
Nxe5 Nxe5 9. e3 h5 10. h3 h4 11. Bh2 d6 12. c5 dxc5 13. Qxd8+ Kxd8 14. O-O-O+
Bd7 15. Be2 Re8 16. Ne4 Ke7 17. Nxg5 Bc6 18. Nf3 Nxf3 19. Bxf3 Bxf3 20. gxf3
Rac8 21. Rhg1 Bf6 22. Rg4 Red8 23. Re4+ Kf8 24. Rxd8+ Bxd8 25. Bf4 f6 26. Bh2
Be7 27. Rxh4 Kg7 28. Bg3 b5 29. e4 c6 30. Rg4+ Kf7 31. f4 f5 32. exf5 Rh8 33.
Rg6 Bf6 34. h4 c4 35. f3 b4 36. Bf2 Rd8 37. Bxa7 Rd5 38. Rh6 Rxf5 39. Rh7+ Ke6
40. Rc7 Kd6 41. Bb8 Kc5 42. Rb7 c3 43. b3 Rh5 44. Ba7+ Kd5 45. Rxb4 Rxh4 46.
Rc4 Rh1+ 47. Kc2 Rh2+ 48. Kd3 Rxa2 49. Be3 Rb2 0-1

[Event "3. President's Cup Chess Festival Open"]
[Site "Baku AZE"]
[Date "2008.05.16"]
[Round "5.23"]
[White "Agasiyev, Kamal"]
[Black "Shanava, Konstantine"]
[Result "0-1"]
[WhiteElo "2116"]
[BlackElo "2519"]
[PlyCount "90"]
[EventDate "2008.05.12"]
[EventType "swiss"]
[EventRounds "9"]
[EventCountry "AZE"]
[Source "lmi"]
[SourceDate "2008.05.12"]

1. d4 d6 2. c4 g6 3. Nc3 Bg7 4. e4 Nf6 5. Nf3 Bg4 6. Be2 O-O 7. Be3 Nfd7 8. Ng1
Bxe2 9. Ngxe2 c5 10. O-O Nc6 11. d5 Na5 12. b3 a6 13. Rb1 Rb8 14. a4 b6 15. Qd2
Nf6 16. Bh6 e5 17. dxe6 fxe6 18. Bxg7 Kxg7 19. Rfd1 Nb7 20. f4 Qe7 21. Qe3 e5
22. f5 gxf5 23. Qg5+ Kh8 24. Qxf5 Na5 25. Qh3 Nc6 26. Nd5 Nxd5 27. exd5 Nd4 28.
Nxd4 cxd4 29. Qd3 Qh4 30. Rf1 a5 31. g3 Qh3 32. Qe4 Rbe8 33. Rbe1 Kg7 34. Rb1
h5 35. Rbe1 Kh6 36. Qc2 Qg4 37. Rf2 Rf3 38. Rxf3 Qxf3 39. Qd2+ Kg6 40. b4 Rf8
41. bxa5 bxa5 42. Rb1 d3 43. Re1 e4 44. Rb1 h4 45. gxh4 Rf4 0-1

[Event "3. President's Cup Chess Festival Open"]
[Site "Baku AZE"]
[Date "2008.05.16"]
[Round "5.25"]
[White "Guliyev, Murad"]
[Black "Guliev, Sarhan"]
[Result "0-1"]
[WhiteElo "2082"]
[BlackElo "2487"]
[PlyCount "64"]
[EventDate "2008.05.12"]
[EventType "swiss"]
[EventRounds "9"]
[EventCountry "AZE"]
[Source "lmi"]
[SourceDate "2008.05.12"]

1. e4 c5 2. Nf3 e6 3. c4 a6 4. Nc3 Qc7 5. b3 Nc6 6. Bb2 Nf6 7. g3 Be7 8. Bg2
O-O 9. d4 cxd4 10. Nxd4 d6 11. O-O Bd7 12. Rc1 Qa5 13. a3 Rfc8 14. Qd2 Rab8 15.
Rfd1 Qh5 16. Nce2 e5 17. Nc2 b5 18. cxb5 axb5 19. Ne3 Ng4 20. Nf1 Bg5 21. f4
Bd8 22. Bf3 Qh3 23. Bxg4 Bxg4 24. Qd3 Bb6+ 25. Kh1 Qh5 26. Ng1 Bxd1 27. Rxd1
Bd4 28. Bc1 b4 29. a4 Bxg1 30. Kxg1 Nd4 31. Bb2 Rc3 32. Bxc3 bxc3 0-1

[Event "3. President's Cup Chess Festival Open"]
[Site "Baku AZE"]
[Date "2008.05.16"]
[Round "5.27"]
[White "Fedorov, Alexei"]
[Black "Mamedjarova, Turkan"]
[Result "1-0"]
[WhiteElo "2603"]
[BlackElo "2271"]
[PlyCount "100"]
[EventDate "2008.05.12"]
[EventType "swiss"]
[EventRounds "9"]
[EventCountry "AZE"]
[Source "lmi"]
[SourceDate "2008.05.12"]

1. e4 e5 2. Bc4 Nf6 3. d3 c6 4. Nf3 d5 5. Bb3 Bd6 6. exd5 cxd5 7. Bg5 Be6 8.
Nc3 Qa5 9. O-O Nbd7 10. Qe1 d4 11. Ne4 Qb6 12. Bxe6 fxe6 13. Nxd6+ Qxd6 14. Bh4
Rc8 15. Bg3 Rxc2 16. Nxe5 Nxe5 17. Bxe5 Qd5 18. Qd1 Rc6 19. Re1 O-O 20. h3 Nd7
21. Bg3 Qb5 22. Qg4 Qd5 23. Rac1 Re8 24. Rxc6 bxc6 25. b4 Nf6 26. Qe2 Nd7 27.
Qe4 Nf6 28. Qxd5 Nxd5 29. a3 Kf7 30. Be5 Ra8 31. Bxd4 a5 32. bxa5 Rxa5 33. Rb1
Rxa3 34. Rb7+ Ke8 35. Rxg7 Rxd3 36. Be5 h5 37. Rh7 c5 38. Rxh5 c4 39. Rh4 c3
40. Rc4 Kf7 41. h4 Rd2 42. h5 Re2 43. Bh8 c2 44. Bb2 e5 45. g3 Nf6 46. Rc7+ Ke6
47. h6 Kf5 48. Kg2 Kg6 49. Bc1 Ng4 50. Rg7+ Kf5 1-0

[Event "3. President's Cup Chess Festival Open"]
[Site "Baku AZE"]
[Date "2008.05.16"]
[Round "5.28"]
[White "Rzayev, Bahruz"]
[Black "Tahirov, Farhad"]
[Result "1-0"]
[WhiteElo "2225"]
[BlackElo "2533"]
[PlyCount "59"]
[EventDate "2008.05.12"]
[EventType "swiss"]
[EventRounds "9"]
[EventCountry "AZE"]
[Source "lmi"]
[SourceDate "2008.05.12"]

1. e4 d6 2. d4 Nf6 3. Nc3 g6 4. f4 Bg7 5. Nf3 c5 6. dxc5 Qa5 7. Bd3 Qxc5 8. Qe2
Nc6 9. Be3 Qa5 10. O-O Bg4 11. h3 Bxf3 12. Qxf3 Nd7 13. Bd2 Nc5 14. Bc4 Na4 15.
Nxa4 Qxd2 16. Rad1 Qa5 17. Qb3 O-O 18. c3 Rab8 19. Bd5 Nd8 20. Qb4 Qa6 21. b3
b5 22. c4 e6 23. cxb5 exd5 24. Rxd5 Re8 25. f5 Be5 26. h4 Qc8 27. Qd2 Qd7 28.
f6 Rxb5 29. Nc5 Ne6 30. Nxd7 1-0

[Event "3. President's Cup Chess Festival Open"]
[Site "Baku AZE"]
[Date "2008.05.17"]
[Round "6.12"]
[White "Mamedov, Rauf"]
[Black "Sulashvili, Malkhaz"]
[Result "1/2-1/2"]
[WhiteElo "2617"]
[BlackElo "2491"]
[PlyCount "64"]
[EventDate "2008.05.12"]
[EventType "swiss"]
[EventRounds "9"]
[EventCountry "AZE"]
[Source "lmi"]
[SourceDate "2008.05.12"]

1. d4 d5 2. c4 e6 3. Nc3 Be7 4. Nf3 Nf6 5. e3 O-O 6. Qc2 c5 7. cxd5 exd5 8.
dxc5 Bxc5 9. Be2 Nc6 10. O-O Qe7 11. Rd1 Be6 12. a3 Rac8 13. Qb1 Bd6 14. h3 h6
15. Bd2 a6 16. Bd3 Rfe8 17. Ne2 Bd7 18. Bc3 Ne4 19. Bxe4 dxe4 20. Nd2 Bf5 21.
Nf1 Bg6 22. Nfg3 h5 23. Rd5 Qe6 24. Rg5 Qc4 25. b3 Qd3 26. Qb2 Bxg3 27. Nxg3
Nd8 28. Bxg7 Rc2 29. Qf6 Rc6 30. Qb2 Rc2 31. Qf6 Rc6 32. Qb2 Rc2 1/2-1/2

[Event "3. President's Cup Chess Festival Open"]
[Site "Baku AZE"]
[Date "2008.05.18"]
[Round "7.11"]
[White "Esen, Baris"]
[Black "Mamedov, Rauf"]
[Result "0-1"]
[WhiteElo "2451"]
[BlackElo "2617"]
[PlyCount "88"]
[EventDate "2008.05.12"]
[EventType "swiss"]
[EventRounds "9"]
[EventCountry "AZE"]
[Source "lmi"]
[SourceDate "2008.05.12"]

1. d4 d6 2. Nf3 g6 3. g3 Bg7 4. Bg2 Nf6 5. O-O O-O 6. c4 Nbd7 7. Nc3 e5 8. e4
a6 9. h3 Rb8 10. Rb1 b5 11. cxb5 axb5 12. b4 Bb7 13. Re1 Qe7 14. d5 c6 15. dxc6
Bxc6 16. Bg5 h6 17. Bxf6 Nxf6 18. Nd2 h5 19. h4 Ng4 20. Nf1 Bh6 21. Nh2 Nf6 22.
Qd3 Rfd8 23. Nf1 Qa7 24. Rb2 Rbc8 25. Rd1 Be8 26. Nxb5 Qa4 27. Na3 Bc1 28. Rb3
d5 29. exd5 e4 30. Bxe4 Nxe4 31. Rxc1 Rxc1 32. Qxe4 Bb5 33. Nxb5 Qxb5 34. Qd3
Qa4 35. Kg2 Qxa2 36. Ne3 Qa1 37. Qe4 Rd6 38. Rd3 Rf6 39. Rd2 Rg1+ 40. Kh2 Qe1
41. Rc2 Rxf2+ 42. Rxf2 Qxf2+ 43. Ng2 Rd1 44. Qe3 Qf1 0-1

[Event "3. President's Cup Chess Festival Open"]
[Site "Baku AZE"]
[Date "2008.05.18"]
[Round "7.15"]
[White "Abasov, Nijat Azad"]
[Black "Mamedov, Nidjat"]
[Result "1/2-1/2"]
[WhiteElo "2375"]
[BlackElo "2577"]
[PlyCount "105"]
[EventDate "2008.05.12"]
[EventType "swiss"]
[EventRounds "9"]
[EventCountry "AZE"]
[Source "lmi"]
[SourceDate "2008.05.12"]

1. e4 c5 2. Nf3 d6 3. d4 cxd4 4. Nxd4 Nf6 5. Nc3 Nc6 6. Bc4 Bd7 7. O-O g6 8.
Nd5 Bg7 9. Bg5 O-O 10. Nxc6 Bxc6 11. Bxf6 exf6 12. c3 Re8 13. f3 Re5 14. Qd3 f5
15. exf5 Rxf5 16. f4 Bxd5 17. Bxd5 Qb6+ 18. Kh1 Qxb2 19. g4 Rf6 20. Rab1 Qa3
21. f5 g5 22. h4 Rh6 23. h5 Rc8 24. Rxb7 Kh8 25. f6 Bxf6 26. Rxf7 Qxc3 27. Qxc3
Bxc3 28. Rc1 a5 29. Rf3 Rc5 30. Rf8+ Kg7 31. Rcf1 Rxh5+ 32. gxh5 Rxd5 33. R1f5
Rxf5 34. Rxf5 Kh6 35. Rf7 Kxh5 36. Rxh7+ Kg4 37. Rb7 Bb4 38. Kg2 Kf4 39. a4 Ke4
40. Re7+ Kd4 41. Kf3 Kc4 42. Ke2 Kb3 43. Rg7 Kxa4 44. Rxg5 Kb3 45. Kd3 a4 46.
Kd4 Bc3+ 47. Kd5 Be5 48. Rf5 a3 49. Rf3+ Ka4 50. Rf2 Kb4 51. Rf7 a2 52. Ra7 Kb3
53. Rb7+ 1/2-1/2

[Event "3. President's Cup Chess Festival Open"]
[Site "Baku AZE"]
[Date "2008.05.18"]
[Round "7.16"]
[White "Bayramov, Vugar"]
[Black "Dzhumaev, Marat"]
[Result "0-1"]
[WhiteElo "2306"]
[BlackElo "2557"]
[PlyCount "86"]
[EventDate "2008.05.12"]
[EventType "swiss"]
[EventRounds "9"]
[EventCountry "AZE"]
[Source "lmi"]
[SourceDate "2008.05.12"]

1. d4 f5 2. Bf4 Nf6 3. e3 g6 4. h4 h6 5. Nf3 d6 6. Bc4 Bg7 7. Nbd2 Ng4 8. c3 e5
9. dxe5 dxe5 10. Bg3 Qe7 11. Qe2 Nd7 12. O-O-O Nc5 13. Ne1 e4 14. Nb3 Ne6 15.
Nc2 O-O 16. h5 g5 17. Nb4 Be5 18. Bxe5 Nxe5 19. Rd5 Qg7 20. Rhd1 Kh8 21. Nc2 a6
22. Qf1 b5 23. Be2 Bb7 24. R5d2 c5 25. c4 Qc7 26. Kb1 b4 27. f4 exf3 28. Bxf3
Be4 29. Rd6 Qe7 30. Qe2 Rf6 31. Nc1 Raf8 32. Rxa6 Nxf3 33. gxf3 Nf4 34. exf4
Bxc2+ 35. Kxc2 Qxe2+ 36. Nxe2 Rxa6 37. fxg5 hxg5 38. Rd5 Re6 39. Kd3 Rfe8 40.
Ng3 Re3+ 41. Kd2 f4 42. Ne4 g4 43. Nf6 gxf3 0-1

[Event "3. President's Cup Chess Festival Open"]
[Site "Baku AZE"]
[Date "2008.05.18"]
[Round "7.20"]
[White "Babaev, Rashad"]
[Black "Gasanov, Ali"]
[Result "0-1"]
[WhiteElo "2482"]
[BlackElo "2209"]
[PlyCount "46"]
[EventDate "2008.05.12"]
[EventType "swiss"]
[EventRounds "9"]
[EventCountry "AZE"]
[Source "lmi"]
[SourceDate "2008.05.12"]

1. e4 e5 2. Nf3 Nc6 3. Bb5 Nf6 4. d3 Bc5 5. O-O d6 6. c3 O-O 7. Bg5 h6 8. Bh4
g5 9. Bg3 Bg4 10. h3 Bh5 11. Nbd2 a6 12. Bxc6 bxc6 13. Qa4 Qd7 14. d4 exd4 15.
cxd4 Bb6 16. e5 Bxf3 17. Nxf3 Ne4 18. Bh2 f5 19. d5 g4 20. hxg4 Nxf2 21. e6 Qg7
22. gxf5 Rxf5 23. Rxf2 Rxf3 0-1

[Event "3. President's Cup Chess Festival Open"]
[Site "Baku AZE"]
[Date "2008.05.18"]
[Round "7.22"]
[White "Dovliatov, Sanan"]
[Black "Huseyn, Orkhan"]
[Result "1-0"]
[WhiteElo "2438"]
[BlackElo "2077"]
[PlyCount "67"]
[EventDate "2008.05.12"]
[EventType "swiss"]
[EventRounds "9"]
[EventCountry "AZE"]
[Source "lmi"]
[SourceDate "2008.05.12"]

1. e4 c6 2. d4 d5 3. Nd2 dxe4 4. Nxe4 Nf6 5. Nxf6+ gxf6 6. c3 Bf5 7. Nf3 Nd7 8.
g3 Nb6 9. Bg2 Qd7 10. O-O Bh3 11. Bxh3 Qxh3 12. a4 Qh5 13. a5 Nc4 14. Kg2 Nd6
15. Bf4 Rd8 16. Qb3 Qd5 17. Qc2 Nf5 18. Qd3 Bh6 19. c4 Qd7 20. Bxh6 Nxh6 21.
Rfe1 O-O 22. Re4 Kh8 23. Rh4 Nf5 24. Rh5 e6 25. g4 Rg8 26. Kh3 Rxg4 27. Kxg4
Rg8+ 28. Kh3 Nh6 29. Nh4 e5+ 30. Nf5 Rg5 31. Rxh6 Kg8 32. Rxf6 Kh8 33. Qe4 exd4
34. Re1 1-0

[Event "3. President's Cup Chess Festival Open"]
[Site "Baku AZE"]
[Date "2008.05.18"]
[Round "7.25"]
[White "Akhmedov, Fariz"]
[Black "Tahirov, Farhad"]
[Result "1-0"]
[WhiteElo "2235"]
[BlackElo "2533"]
[PlyCount "63"]
[EventDate "2008.05.12"]
[EventType "swiss"]
[EventRounds "9"]
[EventCountry "AZE"]
[Source "lmi"]
[SourceDate "2008.05.12"]

1. c4 Nf6 2. Nc3 e5 3. g3 d5 4. cxd5 Nxd5 5. Bg2 Be6 6. d3 Be7 7. Nf3 Nc6 8.
O-O O-O 9. Bd2 h6 10. a3 a5 11. Rc1 Nb6 12. Ne4 Nd7 13. Be3 a4 14. Nc3 Bb3 15.
Qe1 f5 16. Kh1 Na5 17. Bd2 Bf7 18. Bh3 Nb3 19. Bxf5 Nxc1 20. Bxc1 Nc5 21. Bh3
Bd6 22. Be3 Nb3 23. Kg1 Ra5 24. Ne4 b5 25. Qc3 Qe7 26. Nh4 Qe8 27. Nf5 Qd8 28.
f4 Re8 29. Bb6 cxb6 30. Nfxd6 Nd4 31. Rf2 exf4 32. Qxd4 1-0

[Event "3. President's Cup Chess Festival Open"]
[Site "Baku AZE"]
[Date "2008.05.18"]
[Round "7.26"]
[White "Rzayev, Bahruz"]
[Black "Magalashvili, Davit"]
[Result "1/2-1/2"]
[WhiteElo "2225"]
[BlackElo "2462"]
[PlyCount "97"]
[EventDate "2008.05.12"]
[EventType "swiss"]
[EventRounds "9"]
[EventCountry "AZE"]
[Source "lmi"]
[SourceDate "2008.05.12"]

1. e4 c5 2. Nf3 d6 3. d4 cxd4 4. Nxd4 Nf6 5. Nc3 a6 6. Rg1 Nc6 7. Nb3 e6 8. g4
b5 9. g5 Nd7 10. Be3 Bb7 11. f4 Ne7 12. a3 d5 13. Qd2 dxe4 14. O-O-O Nf5 15.
Na5 Nxe3 16. Nxb7 Nxf1 17. Rgxf1 Qc7 18. Nd6+ Bxd6 19. Qxd6 Qxd6 20. Rxd6 Ke7
21. Rfd1 Ra7 22. Nxe4 h6 23. h4 hxg5 24. hxg5 Rh4 25. Rc6 Ne5 26. Rc8 Rxf4 27.
Nd6 Nc4 28. Re8+ Kd7 29. Nxb5+ Kxe8 30. Nxa7 f6 31. Nc6 fxg5 32. b3 Ne3 33. Re1
Rf1 34. Rxf1 Nxf1 35. Kd1 g4 36. Ke2 Ng3+ 37. Kf2 Nf5 38. c4 g3+ 39. Kg2 Kd7
40. Nb8+ Kc7 41. Nxa6+ Kb6 42. Nb4 Nd4 43. Kxg3 Nxb3 44. Nd3 Nc5 45. Ne5 Kc7
46. Kf4 Kd6 47. Nf7+ Ke7 48. Ne5 Kd6 49. Nf7+ 1/2-1/2

[Event "3. President's Cup Chess Festival Open"]
[Site "Baku AZE"]
[Date "2008.05.18"]
[Round "7.31"]
[White "Bregadze, Levan"]
[Black "Orujov, Elshad"]
[Result "0-1"]
[WhiteElo "2417"]
[BlackElo "2161"]
[PlyCount "46"]
[EventDate "2008.05.12"]
[EventType "swiss"]
[EventRounds "9"]
[EventCountry "AZE"]
[Source "lmi"]
[SourceDate "2008.05.12"]

1. Nf3 Nf6 2. c4 c5 3. g3 e6 4. Bg2 d5 5. O-O Nc6 6. cxd5 Nxd5 7. Nc3 Be7 8. a3
h5 9. h4 g5 10. hxg5 h4 11. gxh4 Nf4 12. Qa4 e5 13. d3 Ng6 14. Be3 Bd7 15. Qe4
Nd4 16. Nxe5 Rxh4 17. Qxb7 Nxe5 18. Qxa8 Qxa8 19. Bxa8 Rg4+ 20. Bg2 Nef3+ 21.
exf3 Nxf3+ 22. Kh1 Rh4+ 23. Bh3 Bxh3 0-1

[Event "3. President's Cup Chess Festival Open"]
[Site "Baku AZE"]
[Date "2008.05.18"]
[Round "7.33"]
[White "Abbasov, Vusal"]
[Black "Rasulov, Vugar"]
[Result "0-1"]
[WhiteElo "2161"]
[BlackElo "2387"]
[PlyCount "90"]
[EventDate "2008.05.12"]
[EventType "swiss"]
[EventRounds "9"]
[EventCountry "AZE"]
[Source "lmi"]
[SourceDate "2008.05.12"]

1. e4 c5 2. Nf3 e6 3. d4 cxd4 4. Nxd4 Nc6 5. Be2 Qc7 6. O-O a6 7. Be3 Nf6 8.
Nc3 b5 9. a3 Bb7 10. Kh1 Nxd4 11. Qxd4 Bd6 12. Bf3 Be5 13. Qd3 h5 14. Bd4 g5
15. g3 h4 16. Bxe5 Qxe5 17. Kg1 Rc8 18. Rad1 hxg3 19. hxg3 Rc4 20. Qd6 Qxd6 21.
Rxd6 Bc6 22. Re1 Kd8 23. Bg2 Kc7 24. Rd2 Rc5 25. f3 a5 26. Ne2 g4 27. Nd4 gxf3
28. Bxf3 Rg5 29. Nxc6 dxc6 30. Rg2 Nd7 31. b3 Ne5 32. Bd1 Rh3 33. Kf2 Kd6 34.
Be2 Kc5 35. c3 Rg6 36. Rd1 Rgh6 37. b4+ Kb6 38. Rd8 a4 39. Rd1 Rh8 40. Ke3 Rg8
41. Kf4 Ng6+ 42. Kg4 Rh6 43. Kf3 Nh4+ 44. gxh4 Rf6+ 45. Ke3 Rxg2 0-1

[Event "3. President's Cup Chess Festival Open"]
[Site "Baku AZE"]
[Date "2008.05.18"]
[Round "7.39"]
[White "Ashwin, Jayaram"]
[Black "Allahverdiyev, Araz"]
[Result "1-0"]
[WhiteElo "2446"]
[BlackElo "2021"]
[PlyCount "31"]
[EventDate "2008.05.12"]
[EventType "swiss"]
[EventRounds "9"]
[EventCountry "AZE"]
[Source "lmi"]
[SourceDate "2008.05.12"]

1. e4 e6 2. d4 d5 3. Nd2 dxe4 4. Nxe4 Be7 5. Nf3 Nf6 6. Nxf6+ Bxf6 7. Bd3 b6 8.
Be4 c6 9. Bf4 O-O 10. h4 Bb7 11. Bxh7+ Kxh7 12. Ng5+ Bxg5 13. hxg5+ Kg6 14.
Qh5+ Kf5 15. g6+ Kxf4 16. Qe5+ 1-0

[Event "3. President's Cup Chess Festival Open"]
[Site "Baku AZE"]
[Date "2008.05.19"]
[Round "8.4"]
[White "Guseinov, Gadir"]
[Black "Aleksandrov, Aleksej"]
[Result "1/2-1/2"]
[WhiteElo "2625"]
[BlackElo "2582"]
[PlyCount "62"]
[EventDate "2008.05.12"]
[EventType "swiss"]
[EventRounds "9"]
[EventCountry "AZE"]
[Source "lmi"]
[SourceDate "2008.05.12"]

1. e4 e5 2. Nf3 Nc6 3. Bb5 Nf6 4. O-O Nxe4 5. d4 Nd6 6. Bxc6 dxc6 7. dxe5 Nf5
8. Qxd8+ Kxd8 9. Nc3 Bd7 10. h3 Ne7 11. Ne4 Ng6 12. Nfg5 Ke8 13. f4 Nh4 14. Bd2
h6 15. Nf3 Nxf3+ 16. Rxf3 Bf5 17. Re1 Rd8 18. Bc3 h5 19. Rg3 Be6 20. Rg5 Rh6
21. f5 Bd5 22. e6 f6 23. Rg3 h4 24. Rg4 b6 25. Bd2 Rh7 26. Bf4 Bxe4 27. Rxe4
Bc5+ 28. Be3 Rd1+ 29. Kh2 Bd6+ 30. Bf4 Bc5 31. Be3 Bd6+ 1/2-1/2

[Event "3. President's Cup Chess Festival Open"]
[Site "Baku AZE"]
[Date "2008.05.19"]
[Round "8.12"]
[White "Gasanov, Ali"]
[Black "Kazhgaleyev, Murtas"]
[Result "0-1"]
[WhiteElo "2209"]
[BlackElo "2617"]
[PlyCount "142"]
[EventDate "2008.05.12"]
[EventType "swiss"]
[EventRounds "9"]
[EventCountry "AZE"]
[Source "lmi"]
[SourceDate "2008.05.12"]

1. c4 e5 2. Nc3 Nc6 3. g3 Bc5 4. Bg2 Nge7 5. e3 a6 6. Nge2 d6 7. O-O O-O 8. d4
Ba7 9. h3 exd4 10. Nxd4 Nxd4 11. exd4 Nf5 12. Ne2 Qf6 13. Be3 Nxe3 14. fxe3 Qg5
15. Qd3 Bd7 16. Rf4 c6 17. Raf1 b5 18. Kh2 bxc4 19. Qxc4 d5 20. Qd3 Bb8 21.
R4f3 a5 22. e4 dxe4 23. Qxe4 Bd6 24. Qd3 Bc8 25. Qe3 Qxe3 26. Rxe3 Bd7 27. Nf4
Rab8 28. Nd3 Rfe8 29. Rfe1 Rxe3 30. Rxe3 h5 31. h4 a4 32. Kg1 Kf8 33. Kf2 Rb5
34. Bf3 g6 35. Re2 Rf5 36. Ne5 Be6 37. Nxg6+ Kg7 38. Nf4 Bxf4 39. gxf4 Rxf4 40.
Ke3 Rxh4 41. Bxc6 Rh3+ 42. Kf4 Kf6 43. d5 Bf5 44. Rd2 Rh4+ 45. Ke3 Re4+ 46. Kf3
Rc4 47. Bb5 Rb4 48. Bc6 Be4+ 49. Ke3 Ke5 50. Rh2 Bg6 51. Rd2 Re4+ 52. Kf3 Kd6
53. Rg2 Rb4 54. Re2 h4 55. Re8 Bh5+ 56. Ke3 h3 57. Rd8+ Kc7 58. Rd7+ Kc8 59. d6
Rb6 60. Rc7+ Kb8 61. Bd7 h2 62. Rc8+ Ka7 63. Rc7+ Kb8 64. Rc8+ Kb7 65. Rc7+ Ka6
66. Bc6 Bg4 67. Bh1 Rxd6 68. Rxf7 Rd1 69. Bg2 h1=Q 70. Bxh1 Rxh1 71. Rf4 Bd7
0-1